<?xml version="1.0" encoding="UTF-8"?>
<record
    xmlns:xsi="http://www.w3.org/2001/XMLSchema-instance"
    xsi:schemaLocation="http://www.loc.gov/MARC21/slim http://www.loc.gov/standards/marcxml/schema/MARC21slim.xsd"
    xmlns="http://www.loc.gov/MARC21/slim">

  <leader>00462    a2200145   4500</leader>
  <datafield tag="952" ind1=" " ind2=" ">
    <subfield code="0">0</subfield>
    <subfield code="1">0</subfield>
    <subfield code="4">0</subfield>
    <subfield code="7">0</subfield>
    <subfield code="8">NFIC</subfield>
    <subfield code="a">LL</subfield>
    <subfield code="b">LL</subfield>
    <subfield code="c">GEN</subfield>
    <subfield code="d">2022-05-27</subfield>
    <subfield code="e">Donation:Raoul Wallenberg Institute</subfield>
    <subfield code="l">2</subfield>
    <subfield code="o">KF 3869 MCK 2017</subfield>
    <subfield code="p">032236</subfield>
    <subfield code="r">2026-03-09 10:12:39</subfield>
    <subfield code="s">2024-09-20</subfield>
    <subfield code="t">C.3</subfield>
    <subfield code="w">2022-05-27</subfield>
    <subfield code="y">BK</subfield>
  </datafield>
  <datafield tag="952" ind1=" " ind2=" ">
    <subfield code="0">0</subfield>
    <subfield code="1">0</subfield>
    <subfield code="4">0</subfield>
    <subfield code="7">0</subfield>
    <subfield code="8">NFIC</subfield>
    <subfield code="a">LL</subfield>
    <subfield code="b">LL</subfield>
    <subfield code="c">GEN</subfield>
    <subfield code="d">2022-05-27</subfield>
    <subfield code="e">Donation:Raoul Wallenberg Institute</subfield>
    <subfield code="l">1</subfield>
    <subfield code="o">KF 3869 MCK 2017</subfield>
    <subfield code="p">032238</subfield>
    <subfield code="r">2022-11-03 00:00:00</subfield>
    <subfield code="s">2022-10-26</subfield>
    <subfield code="t">c.2</subfield>
    <subfield code="w">2022-05-27</subfield>
    <subfield code="y">BK</subfield>
  </datafield>
  <datafield tag="952" ind1=" " ind2=" ">
    <subfield code="0">0</subfield>
    <subfield code="1">0</subfield>
    <subfield code="4">0</subfield>
    <subfield code="7">0</subfield>
    <subfield code="8">NFIC</subfield>
    <subfield code="a">LL</subfield>
    <subfield code="b">LL</subfield>
    <subfield code="c">FIC</subfield>
    <subfield code="d">2022-05-30</subfield>
    <subfield code="e">Donation.Raoul Wallenberg Institute</subfield>
    <subfield code="l">0</subfield>
    <subfield code="o">KF 3869 MCK 2017</subfield>
    <subfield code="p">032237</subfield>
    <subfield code="r">2022-05-30 00:00:00</subfield>
    <subfield code="t">C.1</subfield>
    <subfield code="w">2022-05-30</subfield>
    <subfield code="y">BK</subfield>
  </datafield>
  <datafield tag="999" ind1=" " ind2=" ">
    <subfield code="c">10521</subfield>
    <subfield code="d">10521</subfield>
  </datafield>
  <datafield tag="020" ind1=" " ind2=" ">
    <subfield code="a">9781365659683</subfield>
  </datafield>
  <datafield tag="050" ind1=" " ind2=" ">
    <subfield code="a">KF 3869 MCK 2017</subfield>
  </datafield>
  <datafield tag="100" ind1=" " ind2=" ">
    <subfield code="a">Mckenzie , Mckenzie</subfield>
    <subfield code="e">author</subfield>
  </datafield>
  <datafield tag="245" ind1=" " ind2=" ">
    <subfield code="a">Understanding the fundamentals of law (the beginners guide) /</subfield>
    <subfield code="c">McKenzie McKenzie</subfield>
  </datafield>
  <datafield tag="264" ind1=" " ind2=" ">
    <subfield code="a"> Place of publication not identified] :</subfield>
    <subfield code="b"> [Lulu.com],</subfield>
    <subfield code="c">2017</subfield>
  </datafield>
  <datafield tag="300" ind1=" " ind2=" ">
    <subfield code="a">66p. :</subfield>
  </datafield>
  <datafield tag="500" ind1=" " ind2=" ">
    <subfield code="a">includes  author's biography</subfield>
  </datafield>
  <datafield tag="650" ind1=" " ind2=" ">
    <subfield code="a">law</subfield>
  </datafield>
  <datafield tag="942" ind1=" " ind2=" ">
    <subfield code="2">lcc</subfield>
    <subfield code="c">BK</subfield>
    <subfield code="h">3869</subfield>
    <subfield code="i">MCK</subfield>
    <subfield code="k">KF</subfield>
  </datafield>
</record>
